000 00462nam a22001577a 4500
003 NUST
038 _aSaba
082 _a004
_bMCS
100 _aKausar, Anbreen
_935091
245 _aAutomatic Detection of Isolated Airstrips in Satellite Images
_cAnbreen Kausar
260 _aIslamabad :
_bMCS-NUST,
_c2014.
300 _a81p.
_c30cm
650 _aSoftware Engineering - Automatic Detection
_935092
700 _aDr. Naveed Iqbal Rao
_935093
942 _2ddc
_cTHE
999 _c540846
_d540846